|
|
|
|
| LEADER |
00000nab a2200000 a 4500 |
| 001 |
vtls011710608 |
| 003 |
SK-MaSNL |
| 005 |
20260318141007.0 |
| 008 |
170912|2017 xo m| 000 0|hun |
| 015 |
|
|
|a SNBRB2017/09
|
| 038 |
|
|
|a DSZK
|
| 040 |
|
|
|a DSZK
|b slo
|c DSZK
|e AACR2
|
| 041 |
0 |
|
|a hun
|
| 044 |
|
|
|a xo
|c SK
|
| 080 |
|
|
|a 688.72-035.3
|2 2011
|
| 080 |
|
|
|a 73.023.1-035.3-051(437.612)
|2 2011
|
| 100 |
1 |
|
|a Derzsi, Bernadett
|4 aut
|9 666722
|
| 245 |
1 |
0 |
|a Csupán fából
|c Derzsi Bernadett ; fotó Dömötör Ede
|
| 300 |
|
|
|b Fotogr.
|
| 600 |
1 |
7 |
|a Horváth, Róbert
|2 dszk
|9 286944
|
| 650 |
0 |
7 |
|a drevené hračky
|2 dszk
|9 28998
|
| 650 |
0 |
7 |
|a drevorezbári
|2 SNKPH
|9 59945
|
| 650 |
0 |
7 |
|a osobnosti
|2 SNKPH
|9 29820
|
| 651 |
|
7 |
|a Dolný Štál (Slovensko)
|2 SNKPH
|9 79250
|
| 700 |
1 |
|
|a Dömötör, Ede,
|d 1975-
|4 pht
|9 26770
|
| 773 |
0 |
|
|t Új nő
|g Évf. 23, sz. 9 (2017), o. 42-43
|x 1335-938X
|
| 852 |
|
|
|a DSZK
|b KIS3GCP
|
| 958 |
|
|
|a HU
|
| 958 |
|
|
|a SK
|
| 999 |
|
|
|c 2052271
|d 2054201
|